书目信息 |
| 题名: |
看不见的大自然
|
|
| 作者: | 蒙哥马利 , 贝克尔 著 ;徐传辉 , 毛雅珊 , 陆江 译 | |
| 分册: | ||
| 出版信息: | 北京 北京大学出版社 2021.08 |
|
| 页数: | 375页 | |
| 开本: | 21cm | |
| 丛书名: | 博物文库 | |
| 单 册: | ||
| 中图分类: | Q939-49 , Q939 | |
| 科图分类: | ||
| 主题词: | 微生物--wei sheng wu--普及读物 | |
| 电子资源: | ||
| ISBN: | 978-7-301-32247-5 | |
| 000 | 01643nam 2200337 450 | |
| 001 | 2234056519 | |
| 005 | 20220915092751.25 | |
| 010 | @a978-7-301-32247-5@b精装@dCNY68.00 | |
| 100 | @a20210819d2021 em y0chiy50 ea | |
| 101 | 1 | @achi@ceng |
| 102 | @aCN@b110000 | |
| 105 | @aa z 000yy | |
| 200 | 1 | @a看不见的大自然@Akan bu jian de da zi ran@e生命和健康的微生物根源@f(美) 大卫·R. 蒙哥马利, 安妮·贝克尔著@d= The hidden half of nature@ethe microbial roots of life and health@fDavid R. Montgomery, Anne Biklé@g徐传辉, 毛雅珊, 陆江译 |
| 210 | @a北京@c北京大学出版社@d2021.08 | |
| 215 | @a375页@c图@d21cm | |
| 225 | 2 | @a博物文库@Abo wu wen ku@i生态与文明系列@v10 |
| 314 | @a大卫·R. 蒙哥马利, 全球知名的地理学家。安妮·贝克尔, 生物学家、环境规划师。 | |
| 330 | @a本书讲述了形形色色的微生物是如何促成了生态系统中植物和动物的繁衍 ; 通过详细描述植物根系、人类肠道等的正常运转, 澄清了无病害土壤和健康肠道中的微生物群落是如何重建了土壤肥力, 搭建了生命的基石。该书主要内容包括: 死土 ; 微观世界 ; 窥视生命 ; 互惠互利等。 | |
| 410 | 0 | @12001 @a博物文库@i生态与文明系列@v10 |
| 500 | 10 | @aHidden half of nature : the microbial roots of life and health@mChinese |
| 517 | 1 | @a生命和健康的微生物根源@Asheng ming he jian kang de wei sheng wu gen yuan |
| 606 | 0 | @a微生物@Awei sheng wu@j普及读物 |
| 690 | @aQ939-49@v5 | |
| 690 | @aQ939@v4 | |
| 701 | 1 | @a蒙哥马利@Ameng ge ma li@g(Montgomery, David R.)@4著 |
| 701 | 1 | @a贝克尔@Abei ke er@g(Biklé, Anne)@4著 |
| 702 | 0 | @a徐传辉@Axu chuan hui@4译 |
| 702 | 0 | @a毛雅珊@Amao ya shan@4译 |
| 702 | 0 | @a陆江@Alu jiang@4译 |
| 801 | 0 | @aCN@b人天书店@c20210819 |
| 905 | @aZUCC@dQ939@e64 | |
| 看不见的大自然:生命和健康的微生物根源/(美) 大卫·R. 蒙哥马利, 安妮·贝克尔著= The hidden half of nature:the microbial roots of life and health/David R. Montgomery, Anne Biklé/徐传辉, 毛雅珊, 陆江译.-北京:北京大学出版社,2021.08 |
| 375页:图;21cm.-(博物文库.生态与文明系列;10) |
| ISBN 978-7-301-32247-5(精装):CNY68.00 |
| 本书讲述了形形色色的微生物是如何促成了生态系统中植物和动物的繁衍 ; 通过详细描述植物根系、人类肠道等的正常运转, 澄清了无病害土壤和健康肠道中的微生物群落是如何重建了土壤肥力, 搭建了生命的基石。该书主要内容包括: 死土 ; 微观世界 ; 窥视生命 ; 互惠互利等。 |
| ● |
| 相关链接 |
|
|
|
正题名:看不见的大自然
索取号:Q939/64
 
预约/预借
| 序号 | 登录号 | 条形码 | 馆藏地/架位号 | 状态 | 备注 |
| 1 | 2000893658 | 2000893658 | 第三书库/ [索取号:Q939/64] | 在馆 | |
| 2 | 2000893659 | 2000893659 | 第三书库/ [索取号:Q939/64] | 在馆 | |
| 3 | 2000893660 | 2000893660 | 第三书库/ [索取号:Q939/64] | 在馆 |